Cricket: Most Test Runs by Decade - Statistics

General Stats
  • This quiz has been taken 21 times
  • The average score is 8 of 12
Answer Stats
Decade Country Runs Average Answer % Correct
2020s ENG 3145 54.22 Joe Root
95%
2000s AUS 9458 58.38 Ricky Ponting
95%
2010s ENG 8818 46.41 Sir Alastair Cook
95%
1980s AUS 7386 55.11 Allan Border
85%
1970s IND 5647 55.91 Sunil Gavaskar
85%
1930s ENG 5194 59.70 Wally Hammond
65%
1990s ENG 6407 40.80 Alec Stewart
55%
1920s ENG 2960 64.34 Herbert Sutcliffe
55%
1910s ENG 2031 65.51 Sir Jack Hobbs
50%
1960s ENG 6397 59.78 Ken Barrington
40%
1950s AUS 4719 51.29 Neil Harvey
35%
1940s ENG 2664 61.95 Denis Compton
15%
No matching quizzes found
Score Distribution
Percent of People with Each Score
Percentile by Number Answered
Your Score History
You have not taken this quiz